000 00770nam a2200241Ia 4500
003 OSt
005 20220926033935.0
006 a|||||r|||| 00| 0
007 ta
008 220923b |||||||| |||| 00| 0 eng d
037 _cGeneral Book
040 _aRTL
_cRTL
_beng
041 _2eng
_aeng
082 _aX7.73.N7, L3
100 _aNiskanen William A
_9321741
245 0 _aStructural reform of the federal budget process
260 _aWahington
_bAmerican Enterprise Institute for Public Policy Research
_c1973
300 _a60p.
_ccm.
490 _aAmerican Enterprise Institute for public Policy Research Domestic affairs studies
650 _aFinance
942 _hX7.73.N7, L3
_cGB
_2CC
999 _c658378
_d658378